Животный мир Саратовской области. Кн. 4: Амфибии и рептилии (Запись № 394136)

Подробности
000 -МАРКЕР
контрольное поле 01974nam2a2200337 4500
001 - ИДЕНТИФИКАТОР ЗАПИСИ
контрольное поле RU\NLR\bibl\982273
005 - ИДЕНТИФИКАТОР ВЕРСИИ
контрольное поле 20250614214752.0
010 ## - МЕЖДУНАРОДНЫЙ СТАНДАРТНЫЙ НОМЕР КНИГИ (ISBN)
Номер (ISBN) 5-292-03479-7
Тираж 500
021 ## - НОМЕР ГОСУДАРСТВЕННОЙ РЕГИСТРАЦИИ
Код страны Российская Федерация
Номер 2006-40401
Номер Листа государственной регистраци 2026
035 ## - ДРУГИЕ СИСТЕМНЫЕ НОМЕРА
Идентификатор записи (NLR Aleph) 000970161
100 ## - ДАННЫЕ ОБЩЕЙ ОБРАБОТКИ
Данные общей обработки 20060908d2005 |||y0rusy50 ca
101 0# - ЯЗЫК РЕСУРСА
Язык текста, звукозаписи и т.д. русский
102 ## - СТРАНА ПУБЛИКАЦИИ ИЛИ ПРОИЗВОДСТВА
Страна публикации Российская Федерация
105 ## - ПОЛЕ КОДИРОВАННЫХ ДАННЫХ: ТЕКСТОВЫЕ МАТЕРИАЛЫ, МОНОГРАФИЧЕСКИЕ
Кодированные данные о монографическом текстовом документе ab |||||||||
200 1# - ЗАГЛАВИЕ И СВЕДЕНИЯ ОБ ОТВЕТСТВЕННОСТИ
Основное заглавие Амфибии и рептилии
210 ## - ПУБЛИКАЦИЯ, РАСПРОСТРАНЕНИЕ И ДР.
Дата издания, распространения и т.д. 2005
Место издания, распространения и т.д. Б. м.
215 ## - ФИЗИЧЕСКАЯ ХАРАКТЕРИСТИКА
Специфическое обозначение материала и объем 112, [2] с.
Другие сведения о физической характеристике ил., карт.
320 ## - ПРИМЕЧАНИЯ О НАЛИЧИИ В ДОКУМЕНТЕ БИБЛИОГРАФИИ / УКАЗАТЕЛЯ
Текст примечания Библиогр.: с. 97-108
320 ## - ПРИМЕЧАНИЯ О НАЛИЧИИ В ДОКУМЕНТЕ БИБЛИОГРАФИИ / УКАЗАТЕЛЯ
Текст примечания Указ. рус. назв. таксонов: с. 109
320 ## - ПРИМЕЧАНИЯ О НАЛИЧИИ В ДОКУМЕНТЕ БИБЛИОГРАФИИ / УКАЗАТЕЛЯ
Текст примечания Указ. лат. назв. таксонов: с. 110
461 #0 - УРОВЕНЬ НАБОРА
Встроенное поле 001RU\NLR\bibl\966237
-- 2001#$aЖивотный мир Саратовской области$vКн. 4
Системный номер (АБИС) связанной записи 298970
Место публикации Саратов
Дата публикации 2005
Первые сведения об ответственности Федер. агентство по образованию Рос. Федерации, Сарат. гос. ун-т им. Н.Г. Чернышевского
Имя издателя, распространителя и т.д. Изд-во Саратовского университета
Сведения, относящиеся к заглавию учебное пособие для студентов высших учебных заведений, обучающихся по биологическим специальностям (заключение N° 81К от 03 июня 2003 г.)
Заглавие Животный мир Саратовской области
Номер тома Кн. 4
606 1# - НАИМЕНОВАНИЕ ТЕМЫ КАК ПРЕДМЕТ
Наименование темы Земноводные
Формальный подзаголовок Учебные издания для высших учебных заведений
Географический подзаголовок Саратовская область
Системный номер авторитетной/нормативной записи 2438754
Идентификатор авторитетной/нормативной записи RU\NLR\auth\661450992
606 1# - НАИМЕНОВАНИЕ ТЕМЫ КАК ПРЕДМЕТ
Наименование темы Пресмыкающиеся
Формальный подзаголовок Учебные издания для высших учебных заведений
Географический подзаголовок Саратовская область
Системный номер авторитетной/нормативной записи 2438756
Идентификатор авторитетной/нормативной записи RU\NLR\auth\661450993
686 ## - ИНДЕКСЫ ДРУГИХ КЛАССИФИКАЦИЙ
Индекс Е693.33(2Р354-4Са)я73
686 ## - ИНДЕКСЫ ДРУГИХ КЛАССИФИКАЦИЙ
Индекс Е693.34(2Р354-4Са)я73
801 #0 - ИСТОЧНИК ЗАПИСИ
Страна Российская Федерация
Организация NLR
Дата составления 20060908
Правила каталогизации rcr
801 #1 - ИСТОЧНИК ЗАПИСИ
Страна Российская Федерация
Организация NLR
Дата составления 20060908
942 ## - ДОПОЛНИТЕЛЬНЫЕ ЭЛЕМЕНТЫ ЗАПИСИ (АБИС)
Тип экземпляра АБИС Книга
980 ## - КОЛЛЕКЦИЯ
Название коллекции Национальная библиография
Экземпляры
Тип экземпляра Дата поступления Источник поступления Библиотека постоянного хранения Библиотека текущего хранения Место хранения Шифр хранения Штрих-код Статус экземпляра
Книга 08.09.2006 Обязательный экземпляр РНБ (Московский) РНБ (Московский) Русский книжный фонд: издания с 1957 года 2006-5/2237 2254936  
Книга 08.09.2006 Обязательный экземпляр РНБ (Московский) РНБ (Московский) Русский книжный фонд: издания с 1957 года 2006-5/2237 2254937